000 00692nam a2200241Ia 4500
003 OSt
005 20221007110435.0
006 a|||||r|||| 00| 0
007 ta
008 221006b |||||||| |||| 00| 0 eng d
024 _a21,140
037 _cTextual
040 _aLCO
_cLCO
_beng
041 _2eng
_aeng
082 _aY5927:(Z2), M6
100 _aKshirsagar R.K.
_9102927
245 0 _aUntouchability in India
_b Implementation of the Law and Abolition
260 _aNew
_bDelhi Deep & Deep Publications India
_c1986
300 _a376
650 _aUNTOUCHABILITY
_9707485
942 _hY5927:(Z2), M6
_cTEXL
999 _c1190703
_d1190703